00232nam a2200073Ia 4500008004100000100001800041245006900059260003000128170817s9999 xx 000 0 und d aSinha.Manjari 0aVikasomukh Bhartiya Samaj Mein Shiksha Tatha Shishak Ka Bhoomika bVinod Pustak Mandir Agara